Nombra una ciudad - Provincias de España - Estadísticas

Estadísticas generales
  • Esta prueba ha sido intentada 34 veces
  • La puntuación promedio es 28 de 50
Estadísticas de respuestas
Provincia Ciudades % Correcto
A Coruña Santiago de Compostela | Ferrol | Narón | Oleiros | Arteixo
97%
Alicante Elche | Torrevieja | Orihuela | Benidorm | Alcoi
91%
Madrid Móstoles | Alcalá de Henares | Leganés | Getafe | Fuenlabrada
82%
Murcia Cartagena | Lorca | Molina de Segura | Alcantarilla | Torre-Pacheco
79%
Málaga Marbella | Mijas | Vélez-Málaga | Fuengirola | Estepona
79%
Badajoz Mérida | Don Benito | Almendralejo | Villanueva de la Serena | Zafra
79%
Sevilla Dos Hermanas | Alcalá de Guadaíra | Utrera | Mairena del Aljarafe | La Rinconada
76%
Barcelona L'Hospitalet de Llobregat | Terrassa | Badalona | Sabadell | Mataró
76%
Cáceres Plasencia | Navalmoral de la Mata | Coria | Miajadas | Trujillo
76%
Valencia Torrent | Gandia | Paterna | Sagunt | Alzira
76%
Bizkaia Barakaldo | Getxo | Santurtzi | Portugalete | Basauri
73%
Gipuzkoa Irun | Errenteria | Eibar | Zarautz | Arrasate
73%
Asturias Avilés | Siero | Langreo | Mieres | Castrillón
70%
Illes Balears Eivissa | Calvià | Manacor | Santa Eulària des Riu | Llucmajor
70%
Almería Roquetas de Mar | El Ejido | Níjar | Vícar | Adra
70%
Salamanca Santa Marta de Tormes | Béjar | Ciudad Rodrigo | Villamayor | Carbajosa de la Sagrada
70%
Castellón Vila-real | Borriana | La Vall d'Uixó | Vinaròs | Benicarló
70%
Cádiz Algeciras | San Fernando | El Puerto de Santa María | Chiclana de la Frontera | Sanlúcar de Barrameda
67%
León Ponferrada | San Andrés del Rabanedo | Villaquilambra | Astorga | La Bañeza
67%
Jaén Linares | Andújar | Úbeda | Martos | Alcalá la Real
64%
Toledo Talavera de la Reina | Illescas | Seseña | Ocaña | Torrijos
64%
Tarragona Reus | El Vendrell | Cambrils | Tortosa | Calafell
61%
Cantabria Torrelavega | Castro-Urdiales | Camargo | Piélagos | El Astillero
61%
Zaragoza Calatayud | Utebo | Ejea de los Caballeros | Cuarte de Huerva | Tarazona
58%
La Rioja Calahorra | Arnedo | Haro | Lardero | Alfaro
55%
Burgos Miranda de Ebro | Aranda de Duero | Briviesca | Medina de Pomar | Valle de Mena
55%
Huesca Monzón | Barbastro | Fraga | Jaca | Binéfar
55%
Navarra Tudela | Valle de Egüés | Burlada | Barañáin | Zizur Mayor
55%
Zamora Benavente | Toro | Morales del Vino | Moraleja del Vino | Villaralbo
52%
Ciudad Real Puertollano | Tomelloso | Alcázar de San Juan | Valdepeñas | Manzanares
52%
Santa Cruz San Cristóbal de La Laguna | Arona | Granadilla de Abona | Adeje | La Orotava
52%
Las Palmas Telde | Santa Lucía de Tirajana | Arrecife | San Bartolomé de Tirajana | Puerto del Rosario
52%
Albacete Hellín | Villarrobledo | Almansa | La Roda | Caudete
48%
Granada Motril | Almuñécar | Armilla | Las Gabias | Maracena
48%
Palencia Aguilar de Campoo | Villamuriel de Cerrato | Venta de Baños | Guardo | Saldaña
45%
Teruel Alcañiz | Andorra | Calamocha | Calanda | Alcorisa
45%
Girona Figueres | Lloret de Mar | Blanes | Olot | Salt
45%
Huelva Lepe | Almonte | Moguer | Aljaraque | Ayamonte
42%
Lugo Monforte de Lemos | Viveiro | Vilalba | Sarria | Foz
42%
Soria Almazán | Burgo de Osma | Ólvega | Ágreda | Golmayo
39%
Córdoba Lucena | Puente Genil | Montilla | Priego de Córdoba | Palma del Río
36%
Pontevedra Vilagarcía de Arousa | Redondela | Cangas | Marín | Ponteareas
36%
Ávila Arévalo | Arenas de San Pedro | Las Navas del Marqués | Candeleda | Sotillo de la Adrada
33%
Lleida Tàrrega | Balaguer | Mollerussa | La Seu d'Urgell | Alcarràs
33%
Segovia El Espinar | Cuéllar | Palazuelos de Eresma | Real Sitio de San Ildefonso | La Lastrilla
30%
Valladolid Laguna de Duero | Arroyo de la Encomienda | Medina del Campo | Cistérniga | Tudela de Duero
30%
Ourense O Carballiño | Verín | O Barco de Valdeorras | Barbadás | Xinzo de Limia
30%
Araba Laudio | Amurrio | Agurain | Iruña Oka | Oyón-Oin
24%
Guadalajara Azuqueca de Henares | Alovera | El Casar | Cabanillas del Campo | Marchamalo
21%
Cuenca Tarancón | Quintanar del Rey | San Clemente | Las Pedroñeras | Motilla del Palancar
21%
No se encontraron pruebas coincidentes
Distribución de puntuación
Porcentaje de gente con cada puntuación
Porcentaje por número respondido
Historial de tus puntuaciones
No has intentado esta prueba.